00976nam a22002055i 4500001000700000003000900007005001700016008004100033040002000074100002900094245025500123260005700378300002800435650003000463650003800493700004100531852005100572999001900623952012800642156199ES-MaACL20250828004910.0040802s1830 sp |||| | spa d aCAM bspa cCAM1 aGonod, Benoît.915404710aNouvelle exposition de la méthode de M. Jacotot, justifiée par les autorités les plus graves,... suivie d'un recueil de compositions françaises faites d'après la méthode et de la bibliographie de l'enseignement universel / cpar B. Gonod. aParis : blibrairie Classique de Maire-Nyon, c1830. aVIII, 134 p. ; c20 cm.07aPedagogía2embne915904 4aEducación-xFilosofía.9120791 aJacotot, Joseph, d1770-18409154046 aES-MaACLjC-3872(1) z-- Enc. pasta española c156199d156199 001040708LIBXIXaATENEOMbATENEOMcSPALd2008-01-17eSSCl0oC-3872(1)p1163413r2023-02-23 00:00:00w2023-02-23yMONANT